Міста Івано-Франківської області - Statistics

General Stats
  • This quiz has been taken 5 times
  • The average score is 8 of 15
Answer Stats
Group Population(2022) Answer % Correct
Івано-Франківська область 238 196 Івано-Франківськ
100%
Івано-Франківська область 65 088 Калуш
67%
Івано-Франківська область 60 821 Коломия
67%
Івано-Франківська область 22 504 Надвірна
67%
Івано-Франківська область 20 417 Долина
67%
Івано-Франківська область 14 737 Бурштин
67%
Івано-Франківська область 8 812 Городенка
67%
Івано-Франківська область 10 259 Болехів
33%
Івано-Франківська область 9 718 Снятин
33%
Івано-Франківська область 8 958 Тисмениця
33%
Івано-Франківська область 8 689 Тлумач
33%
Івано-Франківська область 8 351 Косів
33%
Івано-Франківська область 7 907 Яремче
33%
Івано-Франківська область 7 521 Рогатин
33%
Івано-Франківська область 6 086 Галич
33%
No matching quizzes found
Score Distribution
Percent of People with Each Score
Percentile by Number Answered
Your Score History
You have not taken this quiz